Statistics for Sistema fotorreceptor

Click here to take the quiz!

General Stats

  • This quiz has been taken 4 times
  • The average score is 26 of 31

Answer Stats

HintAnswer% Correct
Camadas da retina (10)Camada de células ganglionares
100%
Camadas da retina (10)Camada nuclear externa
100%
Camadas da retina (10)Camada nuclear interna
100%
Camadas da retina (10)Camada plexiforme externa
100%
Camadas da retina (10)Camada plexiforme interna
100%
Drena o humor aquosoCanal de Schlemm
100%
Camadas do Cristalino (3)Cápsula do cristalino
100%
Camada Externa (2)Córnea
100%
Camada média (3)Coroide
100%
Camada média (3)Corpo ciliar
100%
Lente do olhoCristalino
100%
Camadas da córnea (5)Endotélio
100%
Camadas da córnea (5)Epitélio
100%
Camadas da retina (10)Epitélio pigmentar da retina
100%
Camada Externa (2)Esclera
100%
Camadas da córnea (5)Estroma da córnea
100%
Camadas do Cristalino (3)Fibras do cristalino
100%
Camada média (3)Íris
100%
Camadas da córnea (5)Membrana de Bowman
100%
Camadas da retina (10)Membrana limitante externa
100%
Camadas da retina (10)Membrana limitante interna
100%
Camada Interna (1)Retina
100%
Camadas da retina (10)Bastonetes e cones
50%
Camadas da retina (10)Camada de fibras do nervo óptico
50%
Compartimentos (3)Câmara anterior
50%
Compartimentos (3)Câmara posterior
50%
Compartimentos (3)Câmara vítrea
50%
Camadas do Cristalino (3)Epitélio subcapsular
50%
Entre a córnea e a esclera temos oLimbo
50%
Camadas da córnea (5)Membrana de Descemet
50%
Entre a retina e o CorioideMembrana de Bruch
0%

Score Distribution

Percentile by Number Answered

Percent of People with Each Score

Your Score History

You have not taken this quiz